101 Countries by Party - Statistics

General Stats
  • This quiz has been taken 10 times
  • The average score is 35 of 101
Answer Stats
Picture Answer % Correct
France
100%
Russia
100%
Canada
89%
Canada
89%
United States
89%
Argentina
78%
Australia
78%
Canada
78%
Israel
78%
Italy
78%
Poland
78%
Switzerland
78%
United Kingdom
78%
Brazil
67%
Cuba
67%
Egypt
67%
Germany
67%
Ireland
67%
Lebanon
67%
Mongolia
67%
South Korea
67%
Thailand
67%
Venezuela
67%
Albania
56%
Austria
56%
Germany
56%
Greece
56%
Liechtenstein
56%
Philippines
56%
Switzerland
56%
United Kingdom
56%
France
44%
Pakistan
44%
South Sudan
44%
Taiwan
44%
Taiwan
44%
Tajikistan
44%
Ukraine
44%
Angola
33%
Belarus
33%
Cyprus
33%
Greece
33%
Hungary
33%
Romania
33%
Spain
33%
Switzerland
33%
Argentina
22%
Belgium
22%
Brazil
22%
Bulgaria
22%
Cambodia
22%
Ethiopia
22%
Iraq
22%
Latvia
22%
Luxembourg
22%
Nepal
22%
Norway
22%
Portugal
22%
Serbia
22%
South Africa
22%
South Africa
22%
Spain
22%
Spain
22%
United Kingdom
22%
Uzbekistan
22%
Zimbabwe
22%
Armenia
11%
Armenia
11%
Bangladesh
11%
Bhutan
11%
Bosnia and Herzegovina
11%
Cameroon
11%
Colombia
11%
Czech Republic
11%
Eritrea
11%
Finland
11%
Georgia
11%
India
11%
Indonesia
11%
Japan
11%
Kenya
11%
Lebanon
11%
Liberia
11%
Lithuania
11%
Malaysia
11%
Malta
11%
Mexico
11%
Netherlands
11%
Netherlands
11%
Panama
11%
Poland
11%
Slovenia
11%
Sweden
11%
Turkey
11%
Turkey
11%
Bangladesh
0%
Estonia
0%
France
0%
Iceland
0%
Lebanon
0%
Norway
0%
No matching quizzes found
Score Distribution
Percent of People with Each Score
Percentile by Number Answered
Your Score History
You have not taken this quiz